书目信息 |
| 题名: |
硒的化学、生物化学及其在生命科学中的应用
|
|
| 作者: | 黄开勋 , 徐辉碧 主编 | |
| 分册: | ||
| 出版信息: | 武汉 华中科技大学出版社 2009.06 |
|
| 页数: | 415页 | |
| 开本: | 26cm | |
| 丛书名: | ||
| 单 册: | ||
| 中图分类: | O613.52 | |
| 科图分类: | ||
| 主题词: | 硒--xi--微量元素缺乏病--研究 , 硒--xi--研究 | |
| 电子资源: | ||
| ISBN: | 978-7-5609-5393-9 | |
| 000 | 01187nam0 2200289 450 | |
| 001 | 012010392453 | |
| 005 | 20101220172452.18 | |
| 010 | @a978-7-5609-5393-9@dCNY58.00 | |
| 100 | @a20101220d2009 em y0chiy0120 ea | |
| 101 | 0 | @achi |
| 102 | @aCN@b420000 | |
| 105 | @aak a 000yy | |
| 106 | @ar | |
| 200 | 1 | @a硒的化学、生物化学及其在生命科学中的应用@Axi de hua xue、sheng wu hua xue ji qi zai sheng ming ke xue zhong de ying yong@d= Selenium: its chemistry, biochemistry and application in life science@f黄开勋, 徐辉碧主编@Fhuang kai xun,xu hui bi zhu bian@zeng |
| 205 | @a第2版 | |
| 210 | @a武汉@c华中科技大学出版社@d2009.06 | |
| 215 | @a415页@c图@d26cm | |
| 320 | @a有书目 (第410-415页) | |
| 330 | @a本书共20章,分为三个部分。第一部分涉及硒的基础化学,第二部分着重介绍了硒的生物化学和分子生物学,第三部分介绍了硒在生命科学中的应用。 | |
| 510 | 1 | @aSelenium: its chemistry, biochemistry and application in life science@zeng |
| 606 | 0 | @a硒@Axi@x微量元素缺乏病@x研究 |
| 606 | 0 | @a硒@Axi@x研究 |
| 690 | @aO613.52@v4 | |
| 701 | 0 | @a黄开勋@Ahuang kai xun@4主编 |
| 701 | 0 | @a徐辉碧@Axu hui bi@4主编 |
| 801 | 0 | @aCN@bQSSK@c20101220 |
| 905 | @b789477-79@dO613.52@eH857@f3 | |
| 硒的化学、生物化学及其在生命科学中的应用= Selenium: its chemistry, biochemistry and application in life science/黄开勋, 徐辉碧主编.-第2版.-武汉:华中科技大学出版社,2009.06 |
| 415页:图;26cm |
| ISBN 978-7-5609-5393-9:CNY58.00 |
| 本书共20章,分为三个部分。第一部分涉及硒的基础化学,第二部分着重介绍了硒的生物化学和分子生物学,第三部分介绍了硒在生命科学中的应用。 |
| ● |
| 相关链接 |
|
|
|
正题名:硒的化学、生物化学及其在生命科学中的应用
索取号:O613.52/H857
 
预约/预借
| 序号 | 登录号 | 条形码 | 馆藏地/架位号 | 状态 | 备注 |
| 1 | 789477 | 207894778 | 自科库401/401自科库 62排1列5层/ [索取号:O613.52/H857] | 在馆 | |
| 2 | 789478 | 207894787 | 自科库401/401自科库 62排1列5层/ [索取号:O613.52/H857] | 在馆 | |
| 3 | 789479 | 207894796 | 自科库401/401自科库 62排1列5层/ [索取号:O613.52/H857] | 在馆 |